000 00650nam a2200193 i 4500
001 92758
003 ES-MaACL
005 20230906181042.0
007 t|
008 050426s1964 sp ||||1| spa d
080 _a821.134.2 Medina, Vicente 1.06
100 1 _aGarcía Morales, Justo,
_d1914-1998
_954988
245 1 0 _aVicente Medina y el otro 98 /
_cpor Justo García Morales.
260 _aValencia :
_b[s.n.],
_c1964 (
_fArtes Gráf. Soler)
300 _a39 p. ;
_c20 cm.
600 1 4 _aMedina, Vicente-
_xCrítica e interpretación.
_979719
852 _aES-MaACL
_j2185-F-24
_z- Donat. Ernesto García Camarero
999 _c92758
_d92758